| 000 | 00942nam a2200265 i 4500 | ||
|---|---|---|---|
| 001 | 146560 | ||
| 003 | ES-MaACL | ||
| 005 | 20250828090946.0 | ||
| 007 | t| | ||
| 008 | 070910s1957 sp ||||1| spa d | ||
| 080 | _a087.5:248.1 | ||
| 100 | 1 |
_aTóth, Tihamér. _9111109 |
|
| 245 | 1 | 3 |
_aLa joven creyente / _cMonseñor Tihamér Tóth, obispo de Veszprém ; [traductor, Antonio Sancho ; adaptación, María Rosa Vilahur]. |
| 260 |
_aMadrid : _bSociedad de Educación Atenas, _c[1957] |
||
| 300 |
_a178 p. ; _c20 cm. |
||
| 490 | 1 |
_aColección muchachas ; _v2 |
|
| 505 | 8 | _aContiene: Guarda tu fe ; Dios y mi alma | |
| 650 | 7 |
_aVida cristiana _2embne _917790 |
|
| 700 | 1 |
_aSancho Nebot, Antonio, _d1884-1961 _9103048 |
|
| 700 | 1 |
_aVilahur, María Rosa. _9114764 |
|
| 710 | 2 |
_aSociedad de Educación Atenas _96665 |
|
| 830 | 1 |
_aColección muchachas ; _v2 _9192222 |
|
| 852 |
_aES-MaACL _jC-13846 |
||
| 999 |
_c146560 _d146560 |
||